000 00274nam a22001217a 4500
008 180920b xxu||||| |||| 00| 0 eng d
041 _aeng
080 _a370
100 _a49
101 _aEDU
245 _aImproving Your Classroom Teaching
_cWeimeR M
942 _2udc
_cBK
999 _c48129
_d48129